Skocznie w sezonie 2002/2003 - Statystyki

Ogólne statystyki
  • Ten quiz został rozwiązany 31 razy
  • Średni wynik to 13 z 17
Statystyki odpowiedzi
Miejscowość % Poprawnych
10 Zakopane
93%
17 Planica
90%
7 Innsbruck
87%
15 Oslo
87%
6 Garmisch - Partenkirchen
83%
2 Trondheim
83%
16 Lahti
80%
5 Oberstdorf
80%
1 Ruka/Kuusamo
80%
12 Sapporo
80%
14 Willingen
77%
8 Bischofshofen
73%
4 Engelberg
70%
3 Titisee - Neustadt
60%
11 Hakuba
50%
9 Liberec
47%
13 Bad Mitterndorf
43%
Nie znaleziono quizów pasujących do podanych kryteriów
Rozkład punktacji
Procent ludzi z każdym wynikiem
Percentyl według liczby udzielonych odpowiedzi
Twoja historia wyników
Nie rozwiązałeś tego quizu